The Interpreter's Bible : (Record no. 30376)

MARC details
000 -LEADER
fixed length control field 01259nam a2200217Ia 4500
008 - FIXED-LENGTH DATA ELEMENTS--GENERAL INFORMATION
fixed length control field 081213s9999 xx 000 0 und d
020 ## - INTERNATIONAL STANDARD BOOK NUMBER
International Standard Book Number 0687192102
050 ## - LIBRARY OF CONGRESS CALL NUMBER
Classification number BS491.2
Item number .I68 1955
245 ## - TITLE STATEMENT
Title The Interpreter's Bible :
Remainder of title the holy scriptures in king James and revised standard versions with general articles and introduction, exegesis, exposition for each book of the Bible : in twelve volumes . The books of Psalms and Proverbs
Statement of responsibility, etc edited by George Arthur Buttrick ... [et al]
260 ## - PUBLICATION, DISTRIBUTION, ETC. (IMPRINT)
Date of publication, distribution, etc 1955
Place of publication, distribution, etc Nashvile
Name of publisher, distributor, etc Abingdon
300 ## - PHYSICAL DESCRIPTION
Other physical details ill.
Extent ix, 957 p. ;
440 ## - SERIES STATEMENT/ADDED ENTRY--TITLE
Title The Interpreter's Bible
Volume number/sequential designation vol.4
650 ## - SUBJECT ADDED ENTRY--TOPICAL TERM
Topical term or geographic name as entry element Bible -- Commentaries
700 ## - ADDED ENTRY--PERSONAL NAME
Personal name Bowie, Walter Russel
Titles and other words associated with a name ed.
700 ## - ADDED ENTRY--PERSONAL NAME
Personal name Scherer, Paul
Titles and other words associated with a name ed.
700 ## - ADDED ENTRY--PERSONAL NAME
Personal name Knox, John
Titles and other words associated with a name ed.
942 ## - ADDED ENTRY ELEMENTS (KOHA)
Item type Book
Source of classification or shelving scheme Library of Congress Classification
Holdings
Withdrawn status Lost status Source of classification or shelving scheme Damaged status Not for loan Collection code Home library Current library Shelving location Date acquired Total Checkouts Full call number Barcode Date last borrowed Copy number Price effective from Koha item type
    Library of Congress Classification     Non-fiction Bishop Okullu Memorial Library (Limuru Campus) Bishop Okullu Memorial Library (Limuru Campus) General Circulation 15/12/2008 4 BS491.2 .I68 1955 009846 03/11/2021 1 15/12/2008 Book
    Library of Congress Classification     Non-fiction Bishop Okullu Memorial Library (Limuru Campus) Bishop Okullu Memorial Library (Limuru Campus) General Circulation 21/07/2009 3 BS491.2 .I68 1955 009847 28/07/2022 2 21/07/2009 Book
    Library of Congress Classification     Non-fiction Nairobi Campus Nairobi Campus General Circulation 21/07/2009 1 BS491.2 .I68 1955 009848 06/11/2009 3 21/07/2009 Book